Rudiments of mathematics : (Record no. 93082)

MARC details
000 -LEADER
fixed length control field 00683nam a22001937a 4500
005 - DATE AND TIME OF LATEST TRANSACTION
control field 20150526112105.0
010 ## - LCCN (DPL NO)
LC control number ENG-112749
020 ## - INTERNATIONAL STANDARD BOOK NUMBER
Terms of availability 450.00
International Standard Book Number 9789380599458
035 ## - SYSTEM CONTROL NUMBER
System control number EN-96281
037 ## - SOURCE OF ACQUISITION
Source of stock number/acquisition DBAD/PUB
082 ## - DEWEY DECIMAL CLASSIFICATION NUMBER
Classification number 510
245 ## - TITLE STATEMENT
Title Rudiments of mathematics :
Statement of responsibility, etc by Manabendra Nath Mukherjee...[et.al]
Remainder of title MCQ & objectives for W.B. joint entrance and other competitive examinations /
250 ## - EDITION STATEMENT
Edition statement 5th ed
260 ## - PUBLICATION, DISTRIBUTION, ETC. (IMPRINT)
Place of publication, distribution, etc Kolkata
Name of publisher, distributor, etc Academic Publishers
Date of publication, distribution, etc 2012
270 ## - ADDRESS
Address 5A Bhawani Dutta Lane,
City Kolkata
Postal code 700073
Electronic mail address www.acabooks.net
300 ## - PHYSICAL DESCRIPTION
Extent xvi,1074p.:
Dimensions 24cm(pbk)
Other physical details ill.
Accompanying material 1CD-ROM
700 ## - ADDED ENTRY--PERSONAL NAME
Personal name Mukherjee, Manabendra Nath
942 ## - ADDED ENTRY ELEMENTS (KOHA)
Source of classification or shelving scheme Dewey Decimal Classification
Item type English Books
Call number suffix RUD
Classification part 510
Holdings
Withdrawn status Lost status Not for loan Collection code Home library Current library Date acquired Source of acquisition Cost, normal purchase price Full call number Barcode Copy number Cost, replacement price Koha item type
    Not For Loan Non-fiction D.B.Act.Division D.B.Act.Division 21/04/2015 DBAD/PUB 450.00 510 RUD EN-96281 1 450.00 English Books

© Delhi Public Library
Hit Counter
free hit counter